00505nam a2200169 4500001000700000003000900007005001700016007000300033008004100036100002800077245008800105250001500193260004300208300002200251852003100273852003100304113740ES-MaACL20230906190008.0t|061121s1969 mx r ||||1| spa d1 aPacheco, José Emilio.10aNo me pregunte cómo pasa el tiempo (Poemas, 1964-1968) / cJosé Emilio Pacheco. a[1ª ed.]. aMéxico : bJoaquín Mortiz, c1969. a122 p. ; c22 cm. aES-MaACLjA-5635 bR.93792 aES-MaACLjE-9242 bR.93974